000 02683nam a22002417a 4500
003 St Aloysius Coll
005 20260209175255.0
008 260209b |||||||| |||| 00| 0 eng d
020 _a9780470712368
040 _cAL
041 _aEnglish
082 _a547.2
_bWARO
100 _aStuart Warren
_9254175
245 _aOrganic synthesis
_b: The disconnection approach
250 _a2
260 _aChichester
_bWiley
_c2008
300 _aviii, 329p.
_bPB
_c23.5x18.5cm.
365 _2General
_a5801
_b₹4447.00
_c
_d₹5559.00
_e20%
_f03/02/2026
520 _aOne approach to organic synthesis is retrosynthetic analysis. With this approach a chemist will start with the structure of their target molecule and progressively cut bonds to create simpler molecules. Reversing this process gives a synthetic route to the target molecule from simpler starting materials. This "disconnection" approach to synthesis is now a fundamental part of every organic synthesis course. Organic Synthesis: The Disconnection Approach, 2nd Edition introduces this important technique, to help students to design their own organic syntheses. There are forty chapters: those on the synthesis of given types of molecules alternate with strategy chapters in which the methods just learnt are placed in a wider context. The synthesis chapters cover many ways of making each type of molecule starting with simple aromatic and aliphatic compounds with one functional group and progressing to molecules with many functional groups. The strategy chapters cover questions of selectivity, protection, stereochemistry, and develop more advanced thinking via reagents specifically designed for difficult problems. Examples are drawn from pharmaceuticals, agrochemicals, natural products, pheromones, perfumery and flavouring compounds, dyestuffs, monomers, and intermediates used in more advanced synthetic work. Reasons for wishing to synthesise each compound are given. This second edition has been fully revised and updated with a modern look. Recent examples and techniques are included and illustrated additional material has been added to take the student to the level required by the sequel, "Organic Synthesis: Strategy and Control". Several chapters contain extensive new material based on courses that the authors give to chemists in the pharmaceutical industry. Organic Synthesis: The Disconnection Approach, 2nd edition provides a full course in retrosynthetic analysis for chemistry and biochemistry students and a refresher for organic chemists working in industry and academia.
650 _2Chemistry
_aOrganic Chemistry
_9254177
700 _aWyatt, Paul
_9254176
942 _2ddc
_cBK
999 _c240860
_d240860